[Event "Bundesliga 0708"]
[Site "Germany"]
[Date "2008.03.09"]
[Round "11.7"]
[White "Babula, Vlastimil"]
[Black "Ragger, Markus"]
[Result "1-0"]
[WhiteElo "2596"]
[BlackElo "2528"]
[Annotator "Babula/Meyer,CD"]
[PlyCount "73"]
[EventDate "2007.10.20"]
[EventType "team-tourn"]
[EventRounds "15"]
[EventCountry "GER"]
[SourceTitle "CBM 123"]
[Source "ChessBase"]
[SourceDate "2008.04.02"]
[SourceVersion "1"]
[SourceVersionDate "2008.04.02"]
[SourceQuality "1"]
[WhiteTeam "Werder Bremen"]
[BlackTeam "Solingen"]
[WhiteTeamCountry "GER"]
[BlackTeamCountry "GER"]

{"THE LAST BUT ONE MISTAKE WINS" Tartakovers immergrüner Aphorismus passt gut
zu unserer Bundesliga-Begegnung, die von beiderseitiger Zeitnot in schwieriger
Phase geprägt ist. Das lange in Vergessenheit geratene Abspiel der
Zentralvariante in der Slawischen Verteidigung 6.Ne5 Nbd7 / 8...e5, welches
durch den erfindungsreichen Alexander Morozevich wiederbelebt worden ist (11...
g5!?), feiert nun schon seit mehreren Jahren mit immer neuen Ideen ein
Comeback. Auch die vorliegende frei formulierte Fassung bietet insbesondere
durch eine Neuerung (17.Rfc1), ein waghalsiges Qualitätsopfer (19...Rxh4?!)
sowie diverse Zeitnotfehler spannendes Kampfschach.} 1. d4 d5 2. c4 c6 3. Nf3
Nf6 4. Nc3 dxc4 5. a4 Bf5 6. Ne5 Nbd7 7. Nxc4 Qc7 8. g3 e5 9. dxe5 Nxe5 10. Bf4
Nfd7 11. Bg2 g5 {It's very difficult for White to get something from the
opening in this line.} 12. Ne3 gxf4 13. Nxf5 O-O-O 14. Qc2 Kb8 15. O-O {
Lt. Hübner eine solide Forstsetzung, während 15.Rd1 und 15.0-0-0 auch in
Betracht kommen, z.B.} (15. O-O-O fxg3 16. hxg3 Bb4 17. f4 Ng4 18. Ne4 Qb6 19.
Kb1 Nc5 20. Rxd8+ Rxd8 21. Nxc5 Bxc5 22. Rxh7 Nf2 23. Ka2 Qb4 24. Qb3 Rd2 25.
Qxb4 Bxb4 26. Kb3 a5 27. Rxf7 Nd1 28. Bf3 Rxb2+ 29. Kc4 Rc2+ 30. Kd4 Nb2 31. g4
Rc4+ 32. Ke5 Bc3+ 33. Ke6 Rxf4 34. g5 Nxa4 35. g6 Nc5+ 36. Kd6 Na6 37. Ke7 a4
38. Nd6 Rb4 39. Ne4 Bb2 40. Nf6 a3 41. g7 a2 42. Rf8+ Kc7 $2 43. g8=Q a1=Q 44.
Nd5+ $2 cxd5 45. Qe6 Bf6+ 46. Rxf6 {1/2 Eljanov,P (2663)-Morozevich,A (2707)/
Beersheba 2005/CBM 110/[Huebner,R]}) 15... fxg3 16. hxg3 h5 17. Rfc1 $146 {
A novelty: White aims his rooks against Black's king.} ({Verschiedentlich
erprobt wurde} 17. Rfd1 {, z.B.} Ng6 18. Rac1 h4 19. Nb5 Qb6 20. Nbd4 Bb4 ({
Eine glänzende Widerlegung fand} 20... hxg3 $2 {nach} 21. a5 $3 gxf2+ (21...
Qa6 22. Qb3 $1 $18) (21... Qxa5 22. Nxc6+ $18 bxc6 23. Qxc6) 22. Kf1 Qc7 23.
Qb3 Qh2 24. Nf3 Qf4 25. a6 Bb4 26. N5d4 c5 27. Qd5 Qc7 28. Qxf7 Nge5 (28... Nf4
29. Nb5) 29. Nxe5 Qxe5 (29... Nxe5 30. Qxc7+ Kxc7 31. Ne6+) 30. Qf3 Qc7 31. Ne6
Ne5 32. Rxd8+ (32. Qe4) 32... Rxd8 33. Qe4 {- 1:0, S. Ernst - J. Smeets, Wijk
aan Zee 2004}) 21. Qb3 {und bereits remis gegeben in E. Romanov (2515) - A.
Gubajdullin, St. Petersburg 2007. In dieser brisanten Stellung scheuten
offenbar beide Spieler das Risiko. Hier ein paar Anregungen:} Nde5 (21... Nc5
22. Qxf7 Ne5 23. a5 Qxa5 24. Qg7 Ncd7 25. Nxc6+ bxc6 26. Rxd7 Nxd7 27. Nd4 Ne5
28. Qxe5+ Qxe5 29. Nxc6+ Kc7 30. Nxe5+ Kb6 31. g4 Rc8 $13 {/=}) (21... hxg3 22.
Rxc6 (22. Qxg3+ Nde5 23. Bxc6 Bc5 $13 {/=}) 22... bxc6 23. a5 Bxa5 24. Nxc6+
Kc7 25. Qxg3+ Nde5 $13 {/=}) 22. gxh4 Rdg8 23. Qe3 f6 $13 {/=.  Die Chancen
mögen etwa ausgeglichen sein.}) 17... Nf6 {Defending against a possible Nc3-d5}
18. a5 (18. Rd1 Bb4) 18... h4 $5 {A surprise: Even without the preparatory
Ne5-g6 Black immediately starts active operations against White's monarch.} ({
I I expected} 18... a6 $5 {and wanted to continue} 19. Ne4 (19. Ra4 Rg8 (19...
Bc5 $5) 20. Rd1 Bc5 21. Rxd8+ Rxd8 $13) 19... Nxe4 20. Qxe4) ({II} 18... Neg4
$6 19. Nb5 $1 Qe5 20. Nxa7 $1 Bc5 (20... Kxa7 $2 21. a6 $40 {+-}) 21. Nxc6+
bxc6 22. e3 (22. Qxc5 $2 Rd1+) 22... Nxf2 23. Qb3+ Kc7 24. a6 Rb8 25. Qxf7+ Nd7
26. Rxc5 Qxc5 27. Nd4 $16) 19. Nxh4 ({I} 19. Nb5 $6 {erscheint wegen} Qc8 {
(noch) zu optimistisch}) ({II} 19. a6 $2 {is bad in view of} hxg3 $17) 19...
Rxh4 $6 ({Hier ist die Drohung stärker als deren Ausführung, und anstelle des
sofortigen Qualitätsopfers verdiente} 19... Neg4 $142 $5 {den Vorzug:} 20. Nb5
$5 (20. e3 $2 Rxh4 $1 21. gxh4 Bh6 22. Re1 (22. Rd1 Rg8 23. Qd2 Bxe3 24. fxe3 (
24. Qd6 Qxd6 25. Rxd6 Bxf2+ 26. Kf1 Bc5 27. Rxf6 Nxf6 28. Ra4 Ng4 29. Ke2 f5
$17) 24... Qh2+ 25. Kf1 Nxe3+ 26. Qxe3 Qxg2+ 27. Ke1 Re8 $17) 22... Qh2+ 23.
Kf1 Rg8 24. Qd2 Qxh4 25. Kg1 Nh5 26. Ne4 Rd8 27. Qc2 f5 28. Rad1 Re8 29. Nd6
Ng3 $1 $19 30. fxg3 Bxe3+ 31. Kf1 (31. Rxe3 Qh2+ 32. Kf1 Nxe3+) 31... Nh2+ 32.
Ke2 Qg4+ 33. Bf3 Qxf3+ 34. Kd3 Bf2+ 35. Kc4 Rxe1) 20... Qe5 (20... Qc8 $2 21.
Qa4 a6 22. Nd4 c5 23. Ndf5 $16) 21. Nxa7 $1 Bc5 (21... Kxa7 $2 22. a6) 22.
Nxc6+ bxc6 23. e3 (23. Qxc5 $4 Rd1+) 23... Nxf2 $1 24. Qxc5 Nh3+ 25. Kh2 (25.
Kf1 $6 Rd1+ 26. Ke2 Qxc5 27. Rxc5 Rxa1 28. Bxh3 Ne4) (25. Bxh3 Rd1+ 26. Kh2
Rd2+ 27. Kh1 (27. Ng2 $4 Ng4+ 28. Kg1 Qxc5 29. Rxc5 Rxh3 $19) 27... Rd1+ $11)
25... Ng4+ 26. Kxh3 Nf2+ 27. Kh2 Ng4+ (27... Rxh4+ $4 28. Kg1 Nh3+ 29. Bxh3
Qxc5 30. Rxc5 Rxh3 31. Kg2) 28. Kh3 Nf2+ $11) 20. gxh4 Neg4 $6 ({Schwarz war
mit} 20... Bh6 $5 {besser beraten:} 21. Nb5 (21. e3 $2 Neg4 22. Rd1 Rg8 {
ist Zugumstellung zu 19...Neg4!? 20.e3?/22.Rd1, siehe oben}) 21... Qe7 22. Qc5
Qxc5 23. Rxc5 Nfd7 (23... Ned7 $2 24. Rd1 Rg8 25. Rf5 cxb5 26. Rxb5 b6 27. axb6
axb6 28. Rb4) 24. Rd1 Rg8 25. Rxe5 Nxe5 26. Nd4 Rd8 27. b4 a6 {/\Kc7, Bf8+/=})
21. Rd1 $1 {In this way White gains a tempo, otherwise Black puts his rook to
g8 in one move.} ({I} 21. Qf5 $6 Qh2+ 22. Kf1 Bh6 23. Nd1 (23. Qf3 $2 Qe5) (23.
Rd1 $2 Rg8 $19) 23... Bxc1 24. Rxc1 a6 $15) ({II} 21. e3 $2 Bh6 $1 {, siehe
obige Analyse von 19...Neg4!? 20.e3?}) 21... Re8 {Black still wants to place
his rook on the g-file.} ({Ebensogut hätte er} 21... Qh2+ 22. Kf1 Bd6 {
versuchen können, z.B.} 23. Qf5 $1 (23. Ra4 Rg8 24. Rxd6 Qxd6 25. Qf5 a6 $14)
23... Rg8 24. Rxd6 Ne3+ (24... Qxd6 25. a6 Qh2 26. Ra4 $3 Qxg2+ 27. Kxg2 Ne3+
28. Kh3 Nxf5 29. Rf4 Nxh4 30. Rxf6 $16) 25. fxe3 Qxg2+ 26. Ke1 Qg3+ 27. Qf2
Qxd6 28. Rd1 Qe5 29. Rd4 Rg6 30. Qf4 Qxf4 31. Rxf4 $16 {, obwohl Weiß auch
hier die Oberhand behält.}) 22. Qf5 Bh6 {Räumt die g-Linie für den Turm und
hält das (Flucht-) Feld d2 unter Kontrolle.} ({I} 22... Re5 $2 23. Qf4 Bc5 24.
e3 $18) ({II} 22... Qh2+ 23. Kf1 Bh6 24. Rd3 $1 $16 {ist Zugumstellung zur
Partie} (24. Qd3 {war auch zu erwägen:} Nxf2 25. Qd6+ Qxd6 26. Rxd6 N2g4)) 23.
Rd3 $1 $16 Qh2+ 24. Kf1 Rg8 {Only now I realized that Black threats to mate my
king.} 25. e4 $1 {After this move I didn't see any satisfactory reply.} ({
I But not:} 25. Rad1 $2 Qh1+ $3 26. Bxh1 Nh2+ 27. Ke1 Rg1# {Very nice!}) ({II} 
25. Rh3 $2 Qxh3 $1 26. Bxh3 Nh2+ 27. Ke1 Rg1+ $19) ({III} 25. Rg3 $2 Qxg3 $19)
25... Nh5 $1 {My young opponent found an unexpected continuation of his attack.
} ({All alternatives are bad: I} 25... Ne3+ $2 26. Rxe3 Bxe3 27. Qxf6 $18 Qxg2+
28. Ke2) ({II} 25... Bf4 $2 26. Rad1 Bc7 $16) ({II} 25... Ne5 $2 26. Rg3 $1)
26. Qxh5 {Am zweitbesten:} ({I} 26. Rd8+ $2 {I} Rxd8 27. Qxg4 Nf6 (27... Nf4 $6
28. Rd1) 28. Qh3 Qxh3 29. Bxh3 Bf4 $44) ({II} 26. Ne2 $1 Ne3+ 27. fxe3 Qxg2+
28. Ke1 Qh1+ 29. Qf1 Qxh4+ (29... Qxe4 30. Qxf7) 30. Kd2 $16 {, z.B.} Qxe4 (
30... Nf6 31. Kc2) 31. Qxf7 Bxe3+ 32. Kc2) 26... Nxf2 27. Rd8+ $8 Rxd8 28. Kxf2
{The final phase went very quickly, both of us had only about 2 minutes left.
Then it's impossible to play such a position without mistakes.} Rg8 $6 ({I} 
28... Rd2+ $2 29. Ne2 $16) ({II} 28... Rd6 $5 29. Qf3 Qxh4+ 30. Qg3 Qf6+ 31.
Bf3 Bf4 32. Qg4 Rd2+ 33. Ne2 $14 {/\Rh1(-h7)}) 29. Qf3 (29. Qxh6 $2 Qxg2+ 30.
Ke3 Qxb2 31. Qd6+ Kc8 $1 $40) 29... Rg6 $2 ({I} 29... Qxh4+ $6 30. Kf1 $16 Rg6
31. e5 $5) ({II} 29... Be3+ $5 30. Kxe3 Rg3 (30... Rxg2 $4 31. Ne2) 31. Qxg3+
Qxg3+ 32. Bf3 Qxh4 33. Rh1 $14 {, z.B.} Qg5+ 34. Kd3 Qxa5 35. Rh8+ Kc7 36. Rh7
b5 37. Rxf7+ Kb6 38. Rf5 Qa1 39. Rf6 Qf1+ 40. Kc2 b4 41. Ne2 a5 42. e5 a4 43.
Rxc6+ Ka5) 30. Rd1 $2 ({I} 30. h5 $2 Qh4+ (30... Be3+ $2 31. Kxe3 Rg3 32. Qxg3+
Qxg3+ 33. Bf3 $18) 31. Kg1 Rg3 32. Qxf7 Be3+ 33. Kf1 Qh2 34. Qe8+ $11 {und
Weiß muß Dauerschach geben.}) ({II} 30. Rh1 $1 {war am stärksten, z.B.} Qe5 31.
Bh3 Qxa5 (31... Qd4+ 32. Kf1 Qd2 33. a6 Qxb2 34. axb7 Qa1+ 35. Nd1 Qa6+ 36. Qe2
$18) 32. Bg4 Qb6+ 33. Kg3 Qxb2 34. Rd1 Rg8 35. Kh3 a5 36. Rd7 $18) 30... Qxh4+
({Oder} 30... Be3+ 31. Kxe3 (31. Kf1 $2 Rg3 32. Rd8+ Kc7 33. Qxf7+ Kxd8 34.
Qf8+ Kc7 35. Qe7+ $11) 31... Rg3 32. Qxg3+ Qxg3+ 33. Bf3 Qxh4 34. Rh1 $14 {
, siehe 29...Be3+/33.Rh1}) 31. Kg1 (31. Ke2 Rf6 (31... Rg3 $2 32. Qf2 $1 Qf4
33. Qxf4+ Bxf4 34. Bf3) 32. Qh3 Rf2+ (32... Qf2+ $2 33. Kd3 Rd6+ 34. Kc4 Rxd1
35. Nxd1 Qe2+ 36. Qd3) 33. Ke1 Bg5 $1 34. Qxh4 Bxh4 35. Rd8+ Kc7 36. Rh8 Bg3
37. Bh3 (37. Rh3 $143 Rxg2+ 38. Kf1 Rf2+ 39. Kg1 Rxb2 40. Rxg3 Kd6) 37... Rxb2+
38. Kd1 Be5 39. Rc8+ Kd6 40. Rd8+ Ke7 41. Rd3 $14) 31... Bf4 $1 $14 (31... Rf6
$2 32. Qh3 $18) 32. Qf2 $2 (32. Kf1 $142 $14 Bc7 (32... Be5 33. Qh3) 33. e5 (
33. Qh3 Qf6+ 34. Ke2 Rg3 35. Qh1 Bxa5) 33... Qc4+ 34. Ne2 Bxa5 35. b3 Qg4 36.
Qxg4 Rxg4 37. Ng1 Bc7 38. Nf3 Re4 39. Rd7 Bxe5 40. Rxf7) 32... Qg4 $2 ({
Nun, da die Chancen nach all den Wirren wieder in etwa ausgeglichen waren,
sollte dem jungen Österreicher der (vor-)entscheidende Fehler unterlaufen.
Zwei Alternativen: I} 32... Bh2+ $6 33. Kf1 Bg3 (33... Rf6 34. Bf3 Bg3 35. Qg2
$16) 34. Qf5 $1 Bc7 (34... Rf6 $2 35. Rd8+ Kc7 36. Rc8+ Kd6 37. e5+ Bxe5 38.
Ne4+ $18) 35. Qh3 Qf6+ (35... Rf6+ 36. Kg1) 36. Ke2 Rg3 37. Qh1 Bxa5 38. Rd3
$14) ({II Jedoch nach} 32... Bg3 $142 $1 {hätte sich Weiß noch strecken müssen:
} 33. Qf5 (33. Qd4 $4 Bh2+ 34. Kf1 Rf6+) 33... Qh2+ 34. Kf1 Bh4 35. Rd2 Rf6 36.
Rd8+ Kc7 37. Rc8+ Kd6 38. e5+ $8 Qxe5 39. Ne4+ Ke7 40. Re8+ Kxe8 41. Nxf6+ Bxf6
{/Qxf6=/+/=}) 33. Rd8+ Kc7 34. Rd3 $1 $16 {/+-} f6 $2 ({Übersieht ein Matt in
5, aber die schwarze Lage gab jetzt ohnehin wenig Hoffnung auf Besserung, z.B.
} 34... Kb8 35. Kf1 Qg5 36. Bh3 Bc7 37. a6 Qc1+ (37... bxa6 38. Ke2 Rf6 39. Qg2
) 38. Nd1 Qc4 39. Qd4 Qxd4 40. Rxd4 bxa6 41. Bf5 $16 {/+-}) 35. Nb5+ $1 $18 Kc8
(35... cxb5 36. Qc5+ Kb8 37. Rd8+ Qc8 38. Rxc8#) 36. Nxa7+ Kb8 37. Rd8+ (37.
Rd8+ Kc7 38. Qb6#) 1-0

[Event "Belgrade Super"]
[Site "Belgrade"]
[Date "1996.??.??"]
[Round "5"]
[White "Bareev, Evgeny"]
[Black "Salov, Valery"]
[Result "1/2-1/2"]
[WhiteElo "2645"]
[BlackElo "2670"]
[Annotator "Bareev,E"]
[PlyCount "51"]
[EventDate "1996.02.??"]
[EventType "tourn"]
[EventRounds "11"]
[EventCountry "YUG"]
[EventCategory "16"]
[SourceTitle "CBM 052"]
[Source "ChessBase"]
[SourceDate "1996.06.01"]
[SourceVersion "1"]
[SourceVersionDate "1996.06.01"]
[SourceQuality "1"]

1. d4 {Huebner,R} c6 2. c4 d5 3. Nf3 Nf6 4. Nc3 dxc4 5. a4 Bf5 6. Ne5 e6 7. f3
Bb4 8. e4 Bxe4 9. fxe4 Nxe4 10. Bd2 Qxd4 11. Nxe4 Qxe4+ 12. Qe2 Bxd2+ 13. Kxd2
Qd5+ 14. Kc2 Na6 15. Nxc4 O-O-O 16. Qe3 Nc5 17. Be2 Qxg2 18. Rhg1 (18. Rag1 Qd5
) 18... Qxh2 19. Kc3 Rd5 (19... g6 $5 20. Qxc5 (20. b4 Nd7 (20... Na6 21. Ne5
$16) 21. Rh1 Qb8 (21... Qc7 {Huebner} 22. Qxa7) 22. a5 $13) 20... Qxe2 21. Qxa7
Rd3+ 22. Kb4 Qc2 23. Qa8+ Kc7 24. Qa5+ Kb8 25. Qe5+ Ka7 $10) 20. b4 (20. Rxg7
Rhd8 {/\Rd3/}) 20... Nd7 21. Rxg7 $146 (21. Bf3 {Huebner} Kb8 (21... Rf5 22.
Rad1 $16) 22. Rxg7 (22. Bxd5 cxd5 23. Nd2 $13) 22... Rf5 23. Rh1 Qa2 (23... Qf4
$5 {(A:Cernin, Inf. 52/376)}) 24. Be4 Ne5 25. Qd4 Nxc4 26. Bxf5 b5 $13 {
Muse,M-Chernin,A, Altensteig 1991, CBM 25; Inf. 52/376.}) 21... Ne5 22. Rag1
Rhd8 23. R1g2 (23. Rg8 Nxc4 24. Bxc4 Qe5+ 25. Qxe5 Rxe5 $10) 23... Qh1 (23...
Nxc4 $5 24. Bxc4 Re5 25. Bxe6+ $2 (25. Rxh2 $1 Rxe3+ 26. Kb2 $10) (25. Qxa7 {
Huebner} Qf4 {ist zu gefährlich für Weiß.}) 25... Kb8 $1 26. Qc1 Qh4 $19) 24.
Rg1 Qh2 25. R1g2 Qh1 (25... Qh4 $5) 26. Rg1 1/2-1/2

[Event "Moscow Aeroflot op-A 15th"]
[Site "Moscow"]
[Date "2016.03.08"]
[Round "8"]
[White "Bluebaum, Matthias"]
[Black "Korobov, Anton"]
[Result "1-0"]
[WhiteElo "2605"]
[BlackElo "2713"]
[Annotator "Besenthal,K"]
[PlyCount "65"]
[EventDate "2016.03.01"]
[EventType "swiss"]
[EventRounds "9"]
[EventCountry "RUS"]
[SourceTitle "CBM 171"]
[Source "ChessBase"]
[SourceDate "2016.03.14"]
[SourceVersion "2"]
[SourceVersionDate "2016.03.14"]
[SourceQuality "1"]

1. d4 d5 2. c4 c6 3. Nf3 Nf6 4. Nc3 dxc4 5. a4 Bf5 6. Ne5 Nbd7 7. Nxc4 Nb6 8.
Ne5 a5 9. e3 e6 10. g4 Bg6 11. h4 Bd6 12. h5 Be4 13. f3 {Diagramm [#] Diese
Stellung wurde auf "gehobenem" Niveau schon ein paar Male erreicht.} Bxe5 (
13... Bd5 $2 14. e4 {ist hier keine Option.}) 14. dxe5 Qxd1+ 15. Nxd1 Bxf3 16.
exf6 Bxh1 {Diagramm [#] Eine komplizierte Stellung, in der Weiß mit dem weit
vorgeschobenen Bauern eine gute Kompensation für die Qualität erhält.} 17.
fxg7 Rg8 18. h6 Be4 19. Nf2 Bg6 20. e4 Nd7 21. Be3 f6 ({Der Befreiungsversuch} 
21... f5 {funktioniert nach} 22. exf5 exf5 23. gxf5 Bxf5 24. Bc4 {nicht.}) 22.
O-O-O Ne5 23. Bd4 {Diagramm [#] Ein selbst unter Zuhilfenahme einer Engine
schwer durchschaubare Stellung. Eines steht aber fest: Die schwarzen Figuren
bleiben massiv an den Bg7 gebunden, Weiß kann agieren, als würde er über
materiellen Vorteil verfügen.} Rd8 $2 {Unter den genannten Rahmenbedingungen
kann der Abtausch eines Turmes nicht im schwarzen Interesse liegen.} 24. Bxe5
Rxd1+ 25. Kxd1 fxe5 26. g5 Kf7 27. Be2 Rd8+ 28. Kc1 b5 29. Bf3 bxa4 30. Ng4 c5
31. Nf6 c4 32. Kc2 Rb8 33. Kc3 {Schwarz kann eigentlich nur noch mit seinem
Turm auf der Grundreihe pendeln - zu wenig zum Überleben!} 1-0

[Event "Hoogovens"]
[Site "Wijk aan Zee"]
[Date "1984.01.13"]
[Round "1"]
[White "Sosonko, Gennadi"]
[Black "Torre, Eugenio"]
[Result "1/2-1/2"]
[WhiteElo "2560"]
[BlackElo "2565"]
[Annotator "Bulletin"]
[PlyCount "35"]
[EventDate "1984.01.13"]
[EventType "tourn"]
[EventRounds "13"]
[EventCountry "NED"]
[EventCategory "13"]
[SourceTitle "MCL"]
[Source "ChessBase"]
[SourceDate "1999.07.01"]
[SourceVersion "1"]
[SourceVersionDate "1999.07.01"]
[SourceQuality "1"]

1. d4 Nf6 2. c4 c6 3. Nc3 d5 4. Nf3 dxc4 5. a4 Bf5 6. Ne5 Nbd7 7. Nxc4 Qc7 8.
g3 e5 9. dxe5 Nxe5 10. Bf4 Rd8 11. Qc1 Bd6 12. Nxd6+ Qxd6 13. Bg2 Qe7 14. O-O
a5 15. Nd1 O-O 16. Qc3 Rfe8 $1 (16... Ng6) 17. Ne3 (17. Qxa5 $5 Nd5 18. Bxe5
Qxe5 $44 19. e4 (19. Re1 Qd4 20. Bf3 $5) 19... Bxe4 20. Re1 f5 $1) 17... Be4
18. Bxe5 $10 1/2-1/2

[Event "Yerevan"]
[Site "Yerevan"]
[Date "1989.??.??"]
[Round "?"]
[White "Azmaiparashvili, Zurab"]
[Black "Ivanchuk, Vassily"]
[Result "1/2-1/2"]
[WhiteElo "2560"]
[BlackElo "2635"]
[Annotator "Bulletin"]
[PlyCount "82"]
[EventDate "1989.05.??"]
[EventType "tourn"]
[EventRounds "11"]
[EventCountry "URS"]
[EventCategory "12"]
[SourceTitle "CBM 014"]
[Source "ChessBase"]
[SourceDate "1990.02.01"]
[SourceVersion "1"]
[SourceVersionDate "1990.02.01"]
[SourceQuality "1"]

1. c4 c6 2. Nf3 d5 3. d4 Nf6 4. Nc3 dxc4 5. a4 Bf5 6. Nh4 Bc8 7. Nf3 Bf5 8. Ne5
e6 9. f3 Bb4 10. Qd2 {/\ 11.e4 Bxe4 12.fxe4 Nxe4 13.Qe3} c5 $1 11. dxc5 Nd5 12.
e4 Qf6 13. Qd4 Nd7 14. Bf4 Bxe4 15. fxe4 Qxf4 16. Nxd7 O-O-O $1 (16... Ne3 $2
17. Qe5 $1) 17. g3 $6 (17. c6 bxc6 (17... Ne3 $2 18. Qxa7) (17... Qe3+ 18. Qxe3
Nxe3 19. Kf2 (19. Ke2 Nc2 $1 (19... Nxf1 20. Ne5 $1) 20. Rd1 f6 21. cxb7+ Kxb7)
19... Nxf1 20. Rhxf1 f6 21. Nxf6 gxf6 22. cxb7+ Kxb7 23. Rad1 $15) 18. Qxc4
Rxd7 (18... Kxd7 19. exd5 Qxc4 20. Bxc4 cxd5 21. Bb5+) 19. exd5 Qxc4 20. Bxc4
exd5 21. Ba6+) 17... Qe3+ (17... Qf3 18. exd5 Qxh1 19. c6 Qxd5 20. Qxd5 exd5
21. O-O-O $146) 18. Qxe3 Nxe3 19. Ne5 Nc2+ 20. Ke2 Nxa1 21. Nxf7 Nb3 22. Nxh8
Rxh8 23. Bh3 Nd4+ 24. Kd2 Rd8 25. Rd1 Bxc5 26. Kc1 a6 27. Nd5 b5 28. Nf4 Re8
29. Kb1 Kb7 30. e5 Kb6 31. Bg4 Ka5 32. axb5 axb5 33. Ne2 Nc6 34. Nf4 Nxe5 35.
Bxe6 g5 $2 {>= 35...Be3} 36. Rd5 gxf4 37. Rxe5 Bd6 38. Rxb5+ Kxb5 39. Bd7+ Kb4
40. Bxe8 fxg3 41. hxg3 Bxg3 1/2-1/2

[Event "BCF-ch"]
[Site "Dundee"]
[Date "1993.??.??"]
[Round "2"]
[White "Arkell, Keith C"]
[Black "Summerscale, Aaron"]
[Result "1-0"]
[WhiteElo "2460"]
[BlackElo "2355"]
[Annotator "Bulletin"]
[PlyCount "83"]
[EventDate "1993.08.??"]
[EventType "swiss"]
[EventRounds "11"]
[EventCountry "SCO"]
[SourceTitle "CBM 038"]
[Source "ChessBase"]
[SourceDate "1994.02.01"]
[SourceVersion "1"]
[SourceVersionDate "1994.02.01"]
[SourceQuality "1"]

1. d4 d5 2. c4 c6 3. Nf3 Nf6 4. Nc3 dxc4 5. a4 Bf5 6. Nh4 Bc8 7. Nf3 Bf5 8. Ne5
Nbd7 (8... e6 9. f3 Bb4 10. e4 Bxe4 11. fxe4 Nxe4) 9. Nxc4 Qc7 10. g3 e5 11.
dxe5 Nxe5 12. Bf4 Nfd7 13. Bg2 f6 14. Nxe5 Nxe5 15. a5 $1 $14 a6 16. Qb3 Qf7
17. Qa4 Rd8 18. O-O Be7 19. Ne4 Qc4 20. Qxc4 Nxc4 21. Rfc1 Be6 22. b3 Nd6 23.
Nc5 $14 Bc8 24. Rd1 Kf7 25. e4 Nb5 26. Be3 Nc3 $6 (26... Rxd1+ 27. Rxd1 Rd8 $14
) 27. Re1 Nb5 28. b4 Nd4 29. Ra2 $1 Rhe8 30. f4 Ne6 31. Bf1 $1 Nd4 $138 32. Kf2
Bxc5 33. bxc5 Rxe4 34. Ra4 $1 $18 f5 35. Bd3 Nf3 $1 36. Bxe4 Nxe1 37. Bb1 $1 {
x Ne1} Rd1 38. Ba2+ Ke7 39. Ke2 Nd3 (39... Ra1 40. Bd4 Rc1 41. Kd2 $18) 40.
Kxd1 $1 Nb2+ 41. Kc2 Nxa4 42. Bb3 1-0

[Event "Bangkok op 12th"]
[Site "Bangkok"]
[Date "2012.04.19"]
[Round "9"]
[White "Xiu, Deshun"]
[Black "Sriram, Jha"]
[Result "0-1"]
[WhiteElo "2492"]
[BlackElo "2406"]
[Annotator "CB"]
[PlyCount "50"]
[EventDate "2012.04.13"]
[EventType "swiss"]
[EventRounds "9"]
[EventCountry "THA"]
[SourceTitle "CBM 148 Extra"]
[Source "ChessBase"]
[SourceDate "2012.06.22"]
[SourceVersion "1"]
[SourceVersionDate "2012.06.22"]
[SourceQuality "1"]

1. d4 d5 2. c4 c6 3. Nf3 Nf6 4. Nc3 dxc4 5. a4 Bf5 6. Ne5 Nbd7 7. Nxc4 Qc7 8.
g3 e5 9. dxe5 Nxe5 10. Bf4 Nfd7 11. Bg2 g5 12. Ne3 gxf4 13. Nxf5 O-O-O 14. Qc2
Kb8 15. O-O fxg3 16. hxg3 h5 17. Rfc1 Nf6 18. a5 h4 19. Nxh4 Rxh4 20. gxh4 Neg4
21. Qf5 Qh2+ 22. Kf1 Bh6 23. Ne4 $2 Rg8 (23... Be3 $1 {was a nice cheapo: after
} 24. fxe3 Nxe3+ {wins the queen (and in fact leads to mate).}) 24. Ng5 Qxh4
25. Nh3 $2 Qxh3 (25... Qxh3 {wins immediately because in case of} 26. Bxh3 Nh2+
{leads to mate:} 27. Ke1 Rg1+ 28. Bf1 Rxf1#) 0-1

[Event "Corus-B"]
[Site "Wijk aan Zee"]
[Date "2010.01.16"]
[Round "1"]
[White "Giri, Anish"]
[Black "Harikrishna, Pentala"]
[Result "1-0"]
[WhiteElo "2588"]
[BlackElo "2672"]
[Annotator "CB"]
[PlyCount "109"]
[EventDate "2010.01.16"]
[EventType "tourn"]
[EventRounds "13"]
[EventCountry "NED"]
[EventCategory "16"]
[SourceTitle "CBM 135"]
[Source "ChessBase"]
[SourceDate "2010.03.17"]
[SourceVersion "1"]
[SourceVersionDate "2010.03.17"]
[SourceQuality "1"]

1. d4 d5 2. c4 c6 3. Nf3 Nf6 4. Nc3 dxc4 5. a4 Bf5 6. Ne5 e6 7. f3 Bb4 8. Nxc4
Nd5 9. Bd2 Qh4+ 10. g3 Qxd4 11. e4 $146 {This, we believe, is a new move
uncorked by the 15-year-old GM. It has got to be home prep.} Nxc3 12. bxc3 Bxc3
13. Ra2 Bxe4 (13... Bg6 14. Qb3 {with a double attack on the bBc3 and the bPb7.
} b5 15. Bxc3 bxc4 16. Qxb8+ Rxb8 17. Bxd4 {wins for White.}) (13... Bh3 14.
Qb3 (14. Bxh3 Qxc4) 14... Bxf1 15. Rxf1 Bxd2+ 16. Rxd2 Qc5 17. Qxb7 O-O 18.
Qxa8 Qxc4 19. Qxa7 {leaves White an exchange up and a very promising game.})
14. Qc1 Bd3 15. Qxc3 Qxc3 16. Bxc3 Bxf1 17. Rxf1 {White has a piece for three
pawns. Our chess engines evaluate the position as around two pawns better for
White.} O-O 18. Ke2 b6 19. Rd1 Na6 20. Rd6 Rfc8 21. Ne5 c5 22. a5 Nc7 23. axb6
Nb5 24. Rd3 axb6 25. Rb2 Nc7 26. Nc4 Re8 27. Nxb6 Ra6 28. Kd2 e5 29. Nd5 Ne6
30. Bxe5 c4 31. Nb4 Ra1 32. Re3 Rd8+ 33. Kc2 Rh1 34. Re2 Rdd1 35. Kc3 Rdf1 36.
f4 h5 37. Kxc4 h4 38. Nd5 Rc1+ 39. Rbc2 hxg3 40. hxg3 Rxc2+ 41. Rxc2 f6 42. f5
Nf8 43. Bf4 g6 44. fxg6 Kg7 45. Ra2 Kxg6 46. Ra6 Nh7 47. Kd3 Re1 48. Ne3 Nf8
49. Ke4 Nd7 50. Rd6 Nf8 51. Kf3 Rb1 52. Kg4 Re1 53. Nd5 Nh7 54. Bg5 Re5 55.
Nf4+ 1-0